01386nam a2200301 a 450000100060000000300080000600500170001400800410003103500190007204000280009104100080011908200250012710000380015224502460019026000560043630000280049249000380052050000810055850400410063965000340068065000460071465000380076070000740079883000460087294200120091899900170093095201370094758069BD-RjUL20211209080601.0161512s1964 xx b 000 0 eng  a(BD-RjUL)58193 aDLCcMNoWdBD-RjULbeng aeng 223a001.09bGHC 19640 aGhazzālī,d1058-1111.917246810aGhazālīs̕ book of counsel for kingsb(Nasīhat al-mulūk)cTranslated by F.R.C Bagley from the Persian text edited by Jalāl Humāī̕ and the Bodelian Arabic text edited by H.D. Isaacs, with introd., notes, and biographical index. aLondon, New York :bOxford University Press,cc1964 alxxiv, 197 p. ;c22 cm.0 aUniversity of Durham publications aTranslated from the authors̕ al-Tibr al-masbūk fī nasīhat al-mulūk. aIncludes bibliographical references. 0aEducation of princes.9172469 0aKings and rulersxReligious life.9172470 0aKings and rulers xDuties91724711 aBagley, F. R. C.q(Frank Ronald Charles),d1915-eed. and tr.9172472 aUniversity of Durham publications9172473 2ddccBK c58069d58069 00102ddc40718NFICaRUCLbRUCLcReadingd1967-01-30eEuro-pakg0.00l0o001.09 GHC 1964r2016-12-15 00:00:00tC-1w2016-12-15yBK